Statystyki dla Co to za sport 3 ? POZIOM 3/5

Kliknij tutaj aby rozwiązać quiz!

Ogólne statystyki

  • Ten quiz został rozwiązany 710 razy
  • Średni wynik to 11 z 15

Statystyki odpowiedzi

Odpowiedź% Poprawnych
Formuła 1
91%
Hokej
89%
Kręgle
89%
Kolarstwo
88%
Tenis Ziemny
80%
Badminton
79%
Golf
76%
Tenis Stołowy
73%
Podnoszenie Ciężarów
71%
Łucznictwo
68%
Curling
63%
Rzut oszczepem
62%
Futbol amerykański
59%
Snowboard
48%
Łyżwy
20%

Rozkład punktacji

Percentyl według liczby udzielonych odpowiedzi

Procent ludzi z każdym wynikiem

Twoja historia wyników

Nie rozwiązałeś tego quizu